[Event "Julian Mazur Memorial"]
[Site "Wellington Chess Club"]
[Date "2019.08.22"]
[Round "4.20"]
[White "Osborne, Geoff"]
[Black "Kibblewhite, Daniel"]
[Result "1-0"]
[WhiteElo "1287"]
[BlackElo "1537"]

1. e4 e6 2. d3 d5 3. Nd2 Nf6 4. e5 Nfd7 5. d4 c5 6. c3 Nc6 7. Ngf3 cxd4 8. cxd4
Bb4 9. Bd3 Qb6 10. O-O Nxd4 11. Nxd4 Qxd4 12. Nf3 Qb6 13. Be3 Bc5 14. Qe2 Bxe3
15. fxe3 Nc5 16. Rf2 Nxd3 17. Qxd3 h6 18. Raf1 Bd7 19. Nd4 O-O 20. Qd2 Bb5 21.
Rc1 Rac8 22. Re1 Rc7 23. b3 Qa6 24. a4 Bd3 25. Rf3 Be4 26. Rg3 Qd3 27. Qf2 Bf5
28. e4 Qxg3 29. hxg3 Bxe4 30. Qf4 Rc3 31. Kh2 Rd3 32. Nb5 Rxb3 33. Nd6 Bg6 34.
Rc1 a6 35. Rc8 Rxc8 36. Nxc8 b5 37. axb5 Rxb5 38. Ne7+ Kh7 39. Nxg6 Kxg6 40.
Qf1 f6 41. exf6 gxf6 42. Kh3 f5 43. Qe1 Kf6 44. Qa1+ Ke7 45. Qxa6 Rb3 46. Qa7+
Kf6 47. Qh7 Kg5 48. Qe7+ Kh5 49. Qxe6 Kg5 50. Qxd5 Rb1 51. g4 Rf1 1-0

[Event "Julian Mazur Memorial"]
[Site "Wellington Chess Club"]
[Date "2019.08.22"]
[Round "4.21"]
[White "Singh, Amrit"]
[Black "Rabina, Romeo"]
[Result "0-1"]
[WhiteElo "1000"]
[BlackElo "1647"]

1. e4 b6 2. d3 Bb7 3. Nc3 e6 4. Nf3 Bb4 5. Bd2 Nf6 6. a3 Be7 7. Be2 d6 8. Be3
Nbd7 9. d4 Nxe4 10. Qd3 Nef6 11. O-O Qc8 12. Bd2 O-O 13. Nh4 Bc6 14. Qg3 Re8
15. Bh6 Bf8 16. Bg5 {Can't work this one out, sorry} 0-1

[Event "Julian Mazur Memorial"]
[Site "Wellington Chess Club"]
[Date "2019.08.22"]
[Round "4.22"]
[White "Dunlop, Rafe"]
[Black "Ashe, Michael"]
[Result "0-1"]
[WhiteElo "1246"]
[BlackElo "1662"]

1. e4 e6 2. d4 d5 3. Nc3 Nf6 4. e5 Nfd7 5. Nf3 c5 6. Be2 Nc6 7. Bf4 cxd4 8.
Nxd4 Ncxe5 9. Bb5 Ng6 10. Bg3 Bb4 11. Qf3 O-O 12. O-O a6 13. Ba4 Nc5 14. Bb3
Nxb3 15. Nxb3 b5 16. Rad1 Bb7 17. a3 Bxc3 18. Qxc3 Rc8 19. Nc5 Qb6 20. b4 Rfd8
21. Qf3 f6 22. Rd2 Nf8 23. Re1 e5 24. Red1 Ne6 25. Nxb7 Qxb7 26. Rxd5 Rxd5 27.
Rxd5 Rxc2 28. Rd8+ Nxd8 29. Qb3+ Rc4 0-1

[Event "Julian Mazur Memorial"]
[Site "Wellington Chess Club"]
[Date "2019.08.22"]
[Round "4.24"]
[White "Asher, Bruce"]
[Black "Mulheron, Oscar"]
[Result "1-0"]
[WhiteElo "1178"]
[BlackElo "1000"]

1. d4 e6 2. e4 Nc6 3. Nf3 Nf6 4. Nc3 d5 5. exd5 Ne7 6. d6 cxd6 7. Bb5+ Nc6 8.
O-O Be7 9. Bf4 a6 10. Ba4 e5 11. dxe5 dxe5 12. Nxe5 Qc7 13. Bb3 Nxe5 14. Qe2
Bd6 15. Rfe1 b5 16. Rad1 Qc6 17. Bxe5 O-O 18. Bxd6 Bb7 19. f3 Qb6+ 20. Kh1 Rfe8
21. Qd2 Red8 22. Qf4 Rxd6 23. Rxd6 Qc5 24. Re7 Qf2 25. h3 Rf8 26. Rxb7 Nh5 27.
Bxf7+ Kh8 28. Bxh5 Rxf4 29. Rd8+ Rf8 30. Rxf8# 1-0

[Event "Julian Mazur Memorial"]
[Site "Wellington Chess Club"]
[Date "2019.08.29"]
[Round "5.1"]
[White "Dive, Russell"]
[Black "Croad, Nicolas"]
[Result "1-0"]
[WhiteElo "2410"]
[BlackElo "2442"]

1. d4 Nf6 2. c4 e6 3. Nc3 d5 4. Nf3 c6 5. Qc2 Nbd7 6. cxd5 exd5 7. Bf4 Be7 8.
e3 Nf8 9. h3 Ne6 10. Be5 O-O 11. Bd3 g6 12. O-O Ng7 13. Rab1 a5 14. a3 Bf5 15.
b4 axb4 16. axb4 Bxd3 17. Qxd3 Nf5 18. b5 Nd6 19. bxc6 bxc6 20. Nd2 Nd7 21.
Bxd6 Bxd6 22. e4 dxe4 23. Ncxe4 Nf6 24. Rfc1 Rc8 25. Rc4 Nxe4 26. Nxe4 Be5 27.
Rbc1 Qd5 28. Qf3 Bxd4 29. Nf6+ Bxf6 30. Qxd5 cxd5 31. Rxc8 Rxc8 32. Rxc8+ Kg7
33. Rc5 d4 34. Kf1 h5 35. Ke2 Kf8 36. Rc7 Be5 37. Rb7 Kg7 38. Kd3 Kf8 39. Ke4
Bf6 40. f4 Kg7 41. f5 g5 42. Rb6 d3 43. Kxd3 Be5 44. Ke4 Bc3 45. Kd5 Ba1 46.
Kc4 Be5 47. Kb5 Kf8 48. Rh6 h4 49. f6 Kg8 50. Kc6 Bf4 51. Kd7 Bd2 52. Kd6 Bc3
53. Kd5 Bd2 54. Ke4 g4 55. Rxh4 gxh3 56. Rxh3 Bc1 57. Kf5 Bd2 58. g4 Bc1 59. g5
Bb2 60. Rb3 Bd4 61. g6 1-0

[Event "Julian Mazur Memorial"]
[Site "Wellington Chess Club"]
[Date "2019.08.29"]
[Round "5.2"]
[White "Ker, Anthony"]
[Black "Nicholls, Alistair"]
[Result "1-0"]
[WhiteElo "2451"]
[BlackElo "1844"]

1. e4 e5 2. Nf3 Nc6 3. d4 exd4 4. Bc4 Nf6 5. e5 d5 6. Bb5 Ne4 7. Nxd4 Bc5 8.
O-O Bd7 9. Bxc6 bxc6 10. f3 Ng5 11. f4 Ne4 12. Be3 Qe7 13. Nd2 f5 14. Nxe4 fxe4
15. Qd2 O-O 16. Nb3 Bb6 17. a4 a5 18. Qf2 Rab8 19. Bc5 Bxc5 20. Qxc5 Qxc5+ 21.
Nxc5 Bf5 22. b3 Rfe8 23. c3 h5 24. Kf2 Kf7 25. Ke3 g5 26. fxg5 Kg6 27. Kd4 Kxg5
28. Ra2 Re7 29. Raf2 Bg6 30. Rf6 Rbe8 31. e6 h4 32. h3 Kh5 33. R1f4 Rg8 34. Rg4
Bh7 35. Rxg8 Bxg8 36. Ke5 e3 37. Nd3 Bh7 38. Nf4+ Kg5 39. Rf7 Re8 40. Rxh7
Rxe6+ 41. Nxe6+ Kg6 42. Rg7+ Kh6 43. Kf6 e2 44. Nf8 1-0

[Event "Julian Mazur Memorial"]
[Site "Wellington Chess Club"]
[Date "2019.08.29"]
[Round "5.3"]
[White "Ross, Matt"]
[Black "Winter, Ryan"]
[Result "0-1"]
[WhiteElo "1867"]
[BlackElo "2087"]

1. e4 c6 2. d4 d5 3. Nc3 g6 4. Bd3 Bg7 5. e5 Nh6 6. Nge2 Bf5 7. h3 e6 8. g4
Bxd3 9. Qxd3 Nd7 10. Ng3 Qe7 11. Nce2 O-O-O 12. Bd2 Ng8 13. b4 Nb6 14. b5 c5
15. a4 Nc4 16. Bc3 cxd4 17. Bxd4 Bxe5 18. f4 Bxd4 19. Nxd4 e5 20. fxe5 Qxe5+
21. Nge2 Ne7 22. Rf1 f5 23. gxf5 Nxf5 24. Rxf5 gxf5 25. Qxf5+ Qxf5 26. Nxf5
Rhf8 27. Nfd4 Ne3 28. Kd2 Nc4+ 29. Kc3 Rde8 30. Kb4 Re4 31. Rg1 Rf7 32. c3 Kc7
33. Rg5 Ne3 34. Ng3 Rh4 35. Re5 Nc2+ 36. Kc5 Nxd4 37. cxd4 b6+ 38. Kxd5 Rd7+
39. Ke6 Rhxd4 40. Nf5 Rxa4 41. Ne7 Rad4 42. Nc6 R4d6+ 43. Kf5 Rxc6 44. bxc6
Kxc6 45. Re6+ Kc5 46. h4 a5 47. h5 a4 48. Re8 a3 49. Rc8+ Kb4 50. Rc6 b5 51.
Re6 a2 52. Re4+ Ka3 53. Re3+ Ka4 54. Re4+ b4 55. Rxb4+ 0-1

[Event "Julian Mazur Memorial"]
[Site "Wellington Chess Club"]
[Date "2019.08.29"]
[Round "5.4"]
[White "Nijman, Brian"]
[Black "Sole, Michael"]
[Result "1-0"]
[WhiteElo "2212"]
[BlackElo "2008"]

1. d4 Nf6 2. Bg5 c5 3. Nc3 cxd4 4. Qxd4 Nc6 5. Qh4 h6 6. Bxf6 gxf6 7. O-O-O e6
8. e4 Be7 9. Qh5 a6 10. Bc4 Qa5 11. Qe2 b5 12. Bb3 d6 13. f4 Bd7 14. Nf3 O-O-O
15. Nd5 exd5 16. exd5 Ne5 17. fxe5 fxe5 18. Kb1 Kb7 19. Nd4 Rc8 20. Nc6 Bxc6
21. dxc6+ Kc7 22. Qf2 Qb6 23. Qxf7 Rce8 24. Bd5 Rhf8 25. Qe6 Qb8 26. Rhf1 Qc8
27. Qxh6 Qg4 28. Qe3 Ra8 29. Qd2 Rxf1 30. Qa5+ Kc8 31. Rxf1 Bd8 32. c7 Bxc7 33.
Qc3 Qe2 34. Rf8+ Kd7 35. Qc6+ Ke7 1-0

[Event "Julian Mazur Memorial"]
[Site "Wellington Chess Club"]
[Date "2019.08.29"]
[Round "5.6"]
[White "He, Caleb"]
[Black "Pomeroy, Arthur"]
[Result "1/2-1/2"]
[WhiteElo "1922"]
[BlackElo "2074"]

1. e4 c5 2. Nf3 d6 3. d4 cxd4 4. Nxd4 Nf6 5. Nc3 a6 6. Be3 e5 7. Nb3 Be7 8. f4
exf4 9. Bxf4 Nc6 10. Qd2 O-O 11. O-O-O Ne5 12. Be2 b5 13. Bf3 Bb7 14. Nd5 Nxd5
15. exd5 Nc4 16. Qf2 Bf6 17. Nd4 Qa5 18. Kb1 Rac8 19. Nb3 Qc7 20. Bc1 a5 21.
Nd2 Na3+ 22. Ka1 Nxc2+ 23. Kb1 Bd4 24. Qh4 Bf6 25. Qh3 g6 26. Nc4 Na3+ 27. Ka1
Nc2+ 28. Kb1 Na3+ 29. Ka1 Nc2+ 30. Kb1 {etc} 1/2-1/2

[Event "Julian Mazur Memorial"]
[Site "Wellington Chess Club"]
[Date "2019.08.29"]
[Round "5.7"]
[White "Stone, Andrew"]
[Black "Winfield, Alan"]
[Result "1-0"]
[WhiteElo "2078"]
[BlackElo "1906"]

1. e4 d6 2. d4 Nf6 3. Nc3 Nbd7 4. g4 {Not the kind of move I'd usually  play
but seeing as grandmasters these days are randomly throwing in h4 and g4 on the
4th or 5th move, I don't see why I couldn't dance with the  devil.} 4... h6 5.
h3 e5 6. Nge2 c6 7. Bg2 Be7 8. Be3 Qc7 9. O-O g5 { this move suddenly reminded
me that Mark Noble from Palmerston North often like this kind of set up. He
will often forgo castling and then transfer  the Knight to f8 then g6 then f4}
10. a4 a5 11. Ng3 Nf8 12. Nf5 Ng6 13. dxe5 dxe5 14. Ne2 Be6 15. Ng7+ Kf8 16.
Nxe6+ fxe6 17. Qd3 Nf4 18. Qc4 Kf7 19. Ng3 h5 20. Bxf4 exf4 21. e5 Nd5 {I was
going to instinctively  recapture on h5 now (and indeed that's what the engines
prefer) but then I saw there's a chance to drag Alan's king a bit out into the
open}  (21... Nxg4 22. hxg4 fxg3 23. Rad1 {bit messy}  (23. fxg3+ Kg7 24. Bf3
{otherwise a check on the a7-g1 diagonal          is deadly} 24... Qxe5 $15) )
22. Bxd5 exd5 23. e6+ Kxe6 {Surpringly the best defence. Engines say it's
equal but I know which side I'd rather play}  (23... Kf6 24. Qd4+ Qe5 25. Nxh5+
)  (23... Kg6 24. Qd3+ Kg7 25. gxh5 Rh7 26. Nf5+ Kg8 27. Rfe1 $18)  (23... Kg7
24. Qd4+ Bf6 25. Nf5+ Kg6 26. Qd3 hxg4 $2 27. Ne7+ Kh5 28. hxg4+ Kxg4 29. f3+
Kh5 30. Kg2 g4 31. Qf5+ Kh6 32. Qg6#)  (23... Kg8 24. Qd3)  (23... Kf8 24. Qd4
Rh6 25. Nxh5 Bb4 26. c3 Bd6 27. Rfe1 Qe7 $18) 24. Qe2+ Qe5 {Hoping for a queen
trade and go into a roughly equal endgame } 25. Qd3 Kd7 26. Rfe1 Qf6 27. Nxh5
{Finally the dreaded h5 pawn is  captured with a gain of tempo} 27... Qf7 28.
Re5 (28. c4 Kc7 29. cxd5 Rad8 30. Rac1 Rxd5 $4 (30... Rh7 31. Re5) 31. Rxe7+
Qxe7 32. Qxd5) 28... Kc7 29. Rae1 Rae8 30. Qe2 Kd7 {seems like black is just in
time to do a big liquidation on e8 but Kd8 was more accurate to avoid the fork
on  f6 after a trading on e8}  (30... Kd8 31. c4 Bd6) 31. c4 {best try} 31...
Bd8 32. cxd5 Rxe5 33. Qxe5 Rh6 {better was}  (33... Re8) 34. Qb8 {better was}
(34. dxc6+ Rxc6 35. Ng7 Kc8 36. Ne6 Qf6 37. Nxd8 Qxd8 38. Qf5+ Kb8 39. Re5 Qd2
40. Rd5 Qxb2 41. Qxg5 Qc1+ 42. Kh2 Rc8 43. Rxa5 $18) 34... Qxd5 35. Qxb7+ Bc7
{Both of us were down to less than 10 minutes  each. I was a bit disappointed
here as I thought black has equalised with  a centralised queen and my knight
and queen suddenly look out of play but  then I spotted a sneaky idea} 36. Qa8
{threatening Qe8+ then Qe7#} 36... Re6 $4 {A naturaly looking move but an
unfortunate blunder. Bd8 would've  been equal.}  (36... Bd8) 37. Nf6+ $1 {The
rook is overloaded} 37... Kd6 (37... Rxf6 38. Qe8+ Kd6 39. Qe7#) 38. Nxd5 {In
time trouble, I missed a mate in 2 here}  (38. Qf8+ Re7 39. Qxe7#) 38... Rxe1+
39. Kg2 Kxd5 40. Qg8+ Ke4 {there's a sneaky f3# here but  luckily I spotted
it.} 41. Qc4+ {Next move Qc3 forks the rook} 1-0

[Event "Julian Mazur Memorial"]
[Site "Wellington Chess Club"]
[Date "2019.08.29"]
[Round "5.8"]
[White "He, Paul"]
[Black "Sellen, Ian"]
[Result "1-0"]
[WhiteElo "1885"]
[BlackElo "2024"]

1. c4 e6 2. g3 d5 3. cxd5 exd5 4. Bg2 c6 5. Nf3 Nf6 6. O-O Bd6 7. d3 O-O 8. Re1
Bg4 9. b3 Re8 10. Bb2 Nbd7 11. Nbd2 Ne5 12. Qc2 Qb6 13. Bd4 Qc7 14. Nxe5 Bxe5
15. Bxe5 Qxe5 16. e4 Rad8 17. Qc5 Qb2 18. Nf1 dxe4 19. dxe4 b6 (19... Nxe4 20.
Bxe4 Rxe4 21. Rxe4 Qxa1 22. Qe7 Rf8 23. Rxg4) 20. Qxc6 Rc8 21. Qd6 Red8 22. Qf4
Be6 23. Reb1 Qd4 24. Ne3 Qc5 25. Rd1 Rxd1+ 26. Rxd1 Qa3 27. e5 Nd7 28. Bd5 Nf8
29. Nf5 Bxd5 30. Rxd5 Ng6 31. Qd4 Qc1+ 32. Kg2 Qc6 33. e6 f6 34. Qe4 Re8 35.
Nxg7 Rf8 36. Nf5 Re8 37. Nd4 Qb7 38. Re5 Nf4+ 39. Kf3 Qxe4+ 40. Rxe4 Nxe6 1-0

[Event "Julian Mazur Memorial"]
[Site "Wellington Chess Club"]
[Date "2019.08.29"]
[Round "5.9"]
[White "Jackson, Ross"]
[Black "Carroll, Lewis"]
[Result "1-0"]
[WhiteElo "1964"]
[BlackElo "1422"]

1. d4 Nf6 2. c4 e6 3. Nc3 c5 4. d5 exd5 5. cxd5 d6 6. e4 Nbd7 7. Nf3 g6 8. Bd3
Ng4 9. O-O Nge5 10. Nxe5 Nxe5 11. Bb5+ Nd7 12. a4 a6 13. Be2 Bg7 14. Be3 O-O
15. f4 Re8 16. Bf3 f5 17. Bf2 Bxc3 18. bxc3 fxe4 19. Be2 e3 20. Bg3 Nf6 21. Bh4
Rf8 22. Rf3 Qe7 23. Qc1 Qe4 24. Rxe3 Qxd5 25. Qf1 Ng4 26. Bc4 Nxe3 27. Bxd5+
Nxd5 28. g3 Bf5 29. Qc4 Be6 30. Qd3 c4 31. Qd4 Rad8 32. Bxd8 1-0

[Event "Julian Mazur Memorial"]
[Site "Wellington Chess Club"]
[Date "2019.08.29"]
[Round "5.10"]
[White "Lyall, Gordon"]
[Black "Rossiter, Philip"]
[Result "0-1"]
[WhiteElo "1945"]
[BlackElo "1886"]

1. Nf3 c5 2. c4 Nc6 3. g3 Nf6 4. Nc3 g6 5. Bg2 Bg7 6. O-O O-O 7. d4 cxd4 8.
Nxd4 Nxd4 9. Qxd4 d6 10. Qh4 Rb8 11. Bh6 Bd7 12. Bxg7 Kxg7 13. Qd4 a6 14. Ne4
Bc6 15. Nxf6 exf6 16. Rfd1 Bxg2 17. Kxg2 Qe7 18. Rd2 Rbc8 19. Rad1 Rfe8 20. e3
Rc6 21. b3 Kg8 22. Qf4 Rd8 23. Rd5 g5 24. Qf3 Kg7 25. R1d4 Rd7 26. Qd1 b6 27.
b4 Rdc7 28. Qd3 b5 29. cxb5 axb5 30. Qxb5 Rc1 {Puzzling. Both scoresheets say
this is check, with the white king moving to g2 this move. Black won} 0-1

[Event "Julian Mazur Memorial"]
[Site "Wellington Chess Club"]
[Date "2019.08.29"]
[Round "5.11"]
[White "Benitez, Edgar"]
[Black "Dixon, Hamish"]
[Result "1-0"]
[WhiteElo "2040"]
[BlackElo "1681"]

1. d4 b6 2. Nf3 Bb7 3. c4 Nf6 4. Bf4 e6 5. Nc3 Be7 6. e3 O-O 7. Bd3 Nc6 8. O-O
d5 9. Rc1 dxc4 10. Bxc4 Na5 11. Be2 c5 12. a3 cxd4 13. Nxd4 Rc8 14. Qa4 a6 15.
Rfd1 Nd5 16. Nxd5 Bxd5 17. Bxa6 Rxc1 18. Rxc1 Bxg2 19. Kxg2 Qa8+ 20. Kg1 Qxa6
21. b4 Bf6 22. Nc6 Rc8 23. bxa5 bxa5 1-0

[Event "Julian Mazur Memorial"]
[Site "Wellington Chess Club"]
[Date "2019.08.29"]
[Round "5.12"]
[White "Tanoi, Edward"]
[Black "Stannard, Lars"]
[Result "1/2-1/2"]
[WhiteElo "2013"]
[BlackElo "1417"]

1. e4 e5 2. Nf3 Nc6 3. Bc4 h6 4. c3 Nf6 5. O-O Bc5 6. d3 (6. d4 $1 $18 Bd6 7.
Bd5 Qe7 8. Nbd2) 6... O-O 7. Bb3 Re8 8. Nbd2 d6 9. h3 Be6 10. Bc2 Qd7 11. Re1
Ne7 12. Nf1 Ng6 13. Ng3 b5 14. Kh2 $2 c6 $2 (14... Bxf2 $1 15. Rf1 Bxg3+ 16.
Kxg3 c5 $19) 15. d4 Bb6 16. Be3 Qc8 17. Nf5 Bxf5 18. exf5 Ne7 19. g4 (19. dxe5
dxe5 20. Bxb6 axb6 21. Rxe5 Qc7 22. g3 $16) 19... e4 20. Nh4 d5 21. Qd2 Bc7+
22. Kh1 g5 $4 23. fxg6 $2 (23. Bxg5 $1 {the worst thing about not seeing this
straightforward sac was that I had  entertained ideas of sacrificing on h6 when
I played Qd2. Because I hadn't anticipated  Black playing g5 the idea of this
easy and obvious winning capture hadn't entered  my thoughts. Instead,
capturing via en passant appeared such an easy and obvious  choice for a clear
advantage I got lost in a tangent as I explored variations of  this weaker
line.} 23... Nh7 24. Bxh6 Qd8 25. Bf4 Bxf4 26. Qxf4 Kh8 27. Rg1 {with a
crushing  position and I still have all my pawns!} ) 23... Nxg6 24. Nxg6 fxg6
25. Bf4 (25. Bxh6 Nxg4 26. Kg2 Nh2) 25... g5 26. Bg3 Re7 27. a4 a6 28. f4 Bxf4
29. Bxf4 gxf4 30. Qxf4 Qf8 31. Bb3 Rae8 32. axb5 axb5 33. Rf1 Rf7 34. Qe3 Qg7
35. Rf5 Kh7 36. Raf1 Ref8 37. Bd1 Nd7 38. Rg1 Rxf5 39. gxf5 Qf6 $4 40. Rg6 $4
{the final mistake. Like earlier,  I anticipated White would play Qf6 and then
Qh4 so I started calculating along this  variation. Had I left the board before
playing the text move I would probably have  seen the winning alternative. Then
again, my poor form in this tournament suggested  otherwise.}  (40. Bh5 $1 Qxf5
41. Bg6+ Qxg6 42. Rxg6 Kxg6 43. Qg3+ Kf7 44. Qc7 Ke7 45. Qxc6 Rf1+ 46. Kg2 Rf5
47. Qxh6 Nf6 48. Qg7+ Kd6 49. Qf8+ Kd7 50. Qg7+ Kd6 51. Qf8+ Kd7 52. Qc5 e3 53.
Qxb5+ Kc7 54. Qd3 Rf2+ 55. Kg1 Rf3 56. Qb5 Rf2 57. Qc5+ Kd7 58. c4) 40... Qh4
41. Bg4 (41. Rxc6 Rxf5 42. Bg4 Rf7 43. Rc7 Ne5 44. Rxf7+ Nxf7 45. Be6 Qh5)
41... Nf6 42. Kg2 Nxg4 43. hxg4 Rg8 44. Qf4 Rxg6 45. fxg6+ Kxg6 46. Qf5+ Kg7
47. Qd7+ Kg8 48. Qe8+ Kg7 49. Qd7+ Kg8 50. Qe6+ Kg7 51. Qd7+ Kg8 52. Qc8+
1/2-1/2

[Event "Julian Mazur Memorial"]
[Site "Wellington Chess Club"]
[Date "2019.08.29"]
[Round "5.13"]
[White "Webster, Jamie"]
[Black "Chen, Wei Kai"]
[Result "0-1"]
[WhiteElo "1701"]
[BlackElo "1965"]

1. e4 e5 2. Nf3 Nc6 3. Bb5 Nf6 4. O-O d5 5. Nxe5 Qd6 6. d4 Nxe4 7. Nd2 Be7 8.
Nxe4 dxe4 9. Bxc6+ bxc6 10. c3 O-O 11. Re1 f5 12. Bd2 c5 13. Qa4 cxd4 14. Qxd4
Be6 15. Qxd6 Bxd6 16. Nd3 Bf7 17. Nb4 a5 18. Nc2 a4 19. Nd4 g6 20. Reb1 Bc4 21.
b3 Bd3 22. Re1 c5 23. Ne6 Rfb8 24. bxa4 Rxa4 25. Nf4 Rb2 26. Nxd3 Rxd2 27. Nc1
Be5 28. Nb3 Rdxa2 29. Rxa2 Rxa2 30. Nxc5 Bxc3 31. Rd1 Bd4 32. Ne6 Bxf2+ 33. Kf1
e3 34. Rd8+ Kf7 35. Ng5+ Ke7 36. Rd3 Kf6 37. Nxh7+ Ke5 38. Ng5 f4 39. Rd8 Kf5
40. Nf3 Ra6 41. Ke2 g5 42. Rd5+ Kf6 43. Rxg5 Ra2+ 44. Kf1 Bh4 45. Rg4 e2+ 46.
Kg1 Ra1+ 0-1

[Event "Julian Mazur Memorial"]
[Site "Wellington Chess Club"]
[Date "2019.08.29"]
[Round "5.14"]
[White "Darr, Samuel"]
[Black "Mullan, Brett"]
[Result "0-1"]
[WhiteElo "1567"]
[BlackElo "1825"]

1. e4 c5 2. Nc3 Nc6 3. Bb5 a6 4. Bxc6 dxc6 5. Nf3 Qc7 6. d3 e5 7. O-O Be7 8.
Ne1 Be6 9. f4 f6 10. f5 Bf7 11. b3 Bd6 12. a4 O-O-O 13. a5 Bf8 14. Qg4 Kb8 15.
Bd2 Qd7 16. Nf3 g5 17. Qh3 h5 18. g4 Bg7 19. Qg3 hxg4 20. Qxg4 Bh5 21. Qg3 Qe7
22. h3 Nh6 23. Nh2 Rdg8 24. Ng4 Nf7 25. Na4 Bxg4 26. hxg4 Rh4 27. Kf2 Nh6 28.
Kf3 Nxg4 29. Qxg4 Rxg4 30. Kxg4 Rh8 31. Rh1 Qf8 32. Be3 Rh6 33. Rxh6 Bxh6 34.
Rh1 Bg7 35. Nxc5 Qg8 36. Ne6 Bf8 37. Bc5 Bxc5 38. Nxc5 Ka7 39. Nd7 Qg7 40. Nb6
Kb8 41. Kf3 Kc7 42. b4 Kd6 43. Nc4+ Ke7 44. c3 Kf8 45. Nd6 Qd7 46. Nc4 Qxd3+
47. Ne3 Qxc3 48. Rh6 Kg7 49. Rg6+ Kf7 50. Rh6 g4+ 51. Ke2 Qb2+ 52. Ke1 Qxb4+
53. Kf1 Qxe4 54. Nd1 Qf4+ 55. Ke1 Qxh6 56. Nf2 Qf4 57. Nd3 Qxf5 58. Nb2 g3 59.
Nd3 g2 60. Ke2 Qf1+ 61. Kd2 g1=R 62. Kc2 Qd1+ 63. Kc3 Rg3 64. Kc4 Qxd3+ 65. Kc5
Qc2+ 66. Kb6 Rb3+ 67. Kc7 Qc5 68. Kc8 Qxa5 69. Kb8 Rd3 70. Kc8 Rd8+ 71. Kxb7
Rd7+ 72. Kxc6 Qc7# 0-1

[Event "Julian Mazur Memorial"]
[Site "Wellington Chess Club"]
[Date "2019.08.29"]
[Round "5.15"]
[White "Van der Hoorn, Thomas"]
[Black "Osborne, Geoff"]
[Result "1-0"]
[WhiteElo "1807"]
[BlackElo "1287"]

1. e4 e5 2. Nf3 Nc6 3. Bb5 a6 4. Ba4 Nf6 5. O-O b5 6. Bb3 Be7 7. Re1 O-O 8. d4
Na5 9. dxe5 Nxb3 10. axb3 Ng4 11. h3 d6 12. hxg4 Bxg4 13. exd6 Bxd6 14. e5 Bc5
15. Qxd8 Rfxd8 16. Bg5 Re8 17. Nc3 c6 18. Ne4 Bb6 19. Nd6 Re6 20. Rad1 Bc7 21.
Kh2 f6 22. Bf4 g5 23. Bg3 f5 24. Nxg5 Rh6+ 25. Kg1 Bxd1 26. Rxd1 Rh5 27. Ngf7
Ra7 28. Re1 Bxd6 29. Nxd6 Kf8 30. e6 Re7 31. Nc8 Ke8 32. Nxe7 Kxe7 33. Bd6+ Ke8
34. e7 Rh6 35. Bf4 Rg6 36. Re5 Rf6 37. Bg5 Rf7 38. Re6 Rg7 39. Bh4 Rg4 40. g3
f4 41. Rxc6 fxg3 42. Rc8+ 1-0

[Event "Julian Mazur Memorial"]
[Site "Wellington Chess Club"]
[Date "2019.08.29"]
[Round "5.16"]
[White "Stoeveken, Peter"]
[Black "Stannard, Bobby"]
[Result "1-0"]
[WhiteElo "1827"]
[BlackElo "1485"]

1. d4 d5 2. Nf3 Nf6 3. Bg5 h6 4. Bh4 Bg4 5. Ne5 Nbd7 6. Nxg4 Nxg4 7. e4 Ngf6 8.
e5 Ne4 9. f3 Ng5 10. f4 Ne6 11. f5 Ng5 12. Qh5 c5 13. Bxg5 cxd4 14. e6 Ne5 15.
Bb5+ Nd7 16. Qxf7# 1-0

[Event "Julian Mazur Memorial"]
[Site "Wellington Chess Club"]
[Date "2019.08.29"]
[Round "5.17"]
[White "Quayle, Jamie"]
[Black "Wevers, Alexis"]
[Result "0-1"]
[WhiteElo "1683"]
[BlackElo "1798"]

1. d4 Nf6 2. Nf3 e6 3. Bf4 c5 4. e3 cxd4 5. exd4 Nc6 6. Nbd2 d5 7. c4 Qb6 8. c5
Qb4 9. a3 Qxb2 10. Nb3 Ne4 11. Nfd2 Nxd4 12. Nxe4 Nc2+ 13. Qxc2 Qxc2 14. Ned2
Bd7 15. Rc1 Qf5 16. Bg3 Be7 17. Nd4 Qg6 18. N2f3 O-O 19. Be2 Bf6 20. O-O Qe4
21. Rfd1 Bxd4 22. Nxd4 Qg6 23. Bd3 Qg5 24. Nf3 Qd8 25. Bd6 Re8 26. Ne5 Ba4 27.
Re1 Qa5 28. Re3 Qd2 29. Rce1 d4 30. Bxh7+ Kxh7 31. Rh3+ Kg8 32. Nf3 Qc3 33. Rh4
Bc6 34. Rf1 Bxf3 35. gxf3 Qxf3 36. Rxd4 Rad8 37. Rb1 b6 38. cxb6 axb6 39. Rxb6
Rc8 40. Rb1 Rc2 41. Rf4 Qd3 42. Bb4 Rxf2 43. Rxf2 Qxb1+ 44. Kg2 e5 0-1

[Event "Julian Mazur Memorial"]
[Site "Wellington Chess Club"]
[Date "2019.08.29"]
[Round "5.18"]
[White "Ashe, Michael"]
[Black "Ackroyd, William"]
[Result "0-1"]
[WhiteElo "1662"]
[BlackElo "1277"]

1. d4 Nf6 2. c4 c5 3. d5 b5 4. Qc2 g6 5. e4 d6 6. h3 Bg7 7. Nf3 O-O 8. cxb5 a6
9. Be2 axb5 10. O-O Bd7 11. Na3 Qb6 12. Be3 Ne8 13. Qb3 Nc7 14. Rac1 Ra4 15.
Nxb5 Bxb5 16. Bxb5 Qxb5 17. Rc2 Qxb3 18. axb3 Rxe4 19. Nd2 Rb4 20. Ra1 Nba6 21.
Bg5 Re8 22. Ra3 h6 23. Be3 Ra8 24. Nc4 Nxd5 25. Bd2 Rbb8 26. Kf1 Nab4 27. Bxb4
Nxb4 28. Re2 d5 29. Ne3 e6 30. Nd1 Nc6 31. Rc2 Bd4 32. Ra4 Nb4 33. Rd2 Ra6 34.
Ke2 e5 35. Nc3 Rba8 36. f4 f6 37. fxe5 fxe5 38. g4 Kf7 39. Kf3 Ke6 40. h4 e4+
41. Kg2 Bxc3 42. bxc3 Nd3 43. Rda2 Rxa4 44. bxa4 Ke5 45. a5 d4 46. cxd4+ cxd4
47. a6 e3 48. a7 Ke4 49. Kf1 Nf4 50. Ke1 Kf3 51. g5 hxg5 52. hxg5 d3 53. Ra3
Ng2+ 0-1

[Event "Julian Mazur Memorial"]
[Site "Wellington Chess Club"]
[Date "2019.08.29"]
[Round "5.19"]
[White "Hurndell, Robert"]
[Black "Cooke, Xandi"]
[Result "1-0"]
[WhiteElo "1545"]
[BlackElo "1512"]

1. d4 d5 2. Nf3 Nf6 3. Bg5 Nc6 4. e3 Bf5 5. Bd3 Bxd3 6. cxd3 h6 7. Bxf6 gxf6 8.
O-O Qd7 9. Nc3 O-O-O 10. e4 e6 11. a3 Bg7 12. b4 f5 13. e5 f6 14. b5 Nxd4 15.
Nxd4 fxe5 16. Nde2 d4 17. Na4 Qxb5 18. Rb1 Qa6 19. Re1 Rhg8 20. Qb3 Qc6 21.
Rec1 Qd5 22. Qxd5 Rxd5 23. Nc5 b6 24. Nxe6 Rd7 25. Nxg7 Rdxg7 26. g3 f4 27. Kf1
h5 28. gxf4 exf4 29. Nxf4 h4 30. Ne6 Rd7 31. Rc6 h3 32. Rbc1 Re8 33. Nxc7 Re5
34. Nd5+ Kb7 35. Nf4 Ra5 36. Nxh3 Rxa3 37. Ke2 Ra2+ 38. R6c2 Rxc2+ 39. Rxc2
Re7+ 40. Kf3 Rc7 41. Rxc7+ Kxc7 42. Ke4 a5 43. Kxd4 Kc6 44. Kc3 b5 45. Nf4 Kc5
46. d4+ Kb6 47. h4 a4 48. Kb4 {Resigns } 1-0

[Event "Julian Mazur Memorial"]
[Site "Wellington Chess Club"]
[Date "2019.08.29"]
[Round "5.20"]
[White "Farrington, Lawrence"]
[Black "Theodosiou, Andreas"]
[Result "1-0"]
[WhiteElo "1706"]
[BlackElo "1336"]

1. e4 c5 2. Nf3 Nc6 3. Bb5 d6 4. d4 Qa5+ 5. Nc3 a6 6. Bxc6+ bxc6 7. dxc5 Qxc5
8. O-O Nf6 9. Re1 e6 10. Be3 Qb4 11. Bc1 Be7 12. a3 Qc4 13. e5 dxe5 14. Nxe5
Qc5 15. Nd3 Qa7 16. Be3 c5 17. Na4 Nd7 18. Qg4 O-O 19. Qc4 Qc7 20. Bf4 e5 21.
Nxe5 Nb6 22. Nxb6 Qxb6 23. Nd3 Be6 24. Qe4 Rac8 25. b3 c4 26. Be3 Qc7 27. bxc4
Bxc4 28. Nb4 Rfe8 29. Bf4 Qd7 30. Rad1 Qb5 31. Qe5 Bxb4 32. Qxb5 Bxb5 33. axb4
Rxc2 34. Rxe8+ Bxe8 35. Rd8 Kf8 36. Bd6+ 1-0